000 00225 a2200097 4500
001 43246
100 _aAramilen
245 _aBeyond the Ural mountain
260 _aLondon
_bGeorge Allen & unwin ltd
_c
090 _c27089
_d27089
942 _aNUST-CAE
_cM
_c18990
999 _c278319
_d278319